| 000 | 00000nas 2200000za 4500 |
| 001 | 9.509336 |
| 003 | CaOODSP |
| 005 | 20200331220009 |
| 007 | ta |
| 008 | 150406c19799999onc x m # f0 a0eng|d |
| 040 | |aCaOODSP|beng |
| 041 | |aeng|afre |
| 043 | |an-cn--- |
| 086 | 1 |aFs41-31 |
| 245 | 00|aCanadian special publication of fisheries and aquatic sciences = |bPublication spéciale canadienne des sciences halieutiques et aquatiques. |
| 246 | 11|aPublication spéciale canadienne des sciences halieutiques et aquatiques |
| 260 | |aOttawa : |bDepartment of Fisheries and Oceans = Ministère des pêches et des océans, |c1979- |
| 310 | |aIrregular |
| 546 | |aText in English and French. |
| 563 | |aSoftcover |
| 710 | 1 |aCanada. |bDepartment of Fisheries and Oceans. |
| 775 | 08|tCanadian special publication of fisheries and aquatic sciences |w(CaOODSP)9.514670 |
| 776 | 0#|tCanadian special publication of fisheries and aquatic sciences |w(CaOODSP)9.816381 |
| 792 | |tCanadian special publication of fisheries and aquatic sciences = |efre|w(CaOODSP)9.509337 |